Histoire des impots généraux sur la propriété et le revenu / (Record no. 102870)

MARC details
000 -LEADER
campo de control de longitud fija 00617nam a22001815i 4500
001 - NÚMERO DE CONTROL
campo de control 102870
003 - IDENTIFICADOR DE NÚMERO DE CONTROL
campo de control ES-MaACL
005 - FECHA Y HORA DE LA ÚLTIMA TRANSACCIÓN
campo de control 20250730063119.0
007 - CAMPO FIJO DE DESCRIPCIÓN FÍSICA--INFORMACIÓN GENERAL
campo de control de longitud fija t|
008 - DATOS DE LONGITUD FIJA--INFORMACIÓN GENERAL
campo de control de longitud fija 950929s1856 fr ||||1| fre d
040 ## - FUENTE DE CATALOGACIÓN
Centro catalogador/agencia de origen CAM
Lengua de catalogación spa
Centro/agencia transcriptor CAM
100 1# - ENTRADA PRINCIPAL--NOMBRE DE PERSONA
Nombre de persona Parieu, Marie-Louis-Pierre Félix Esquirou de,
Fechas asociadas al nombre 1815-1893
9 (RLIN) 154753
245 10 - MENCIÓN DEL TÍTULO
Título Histoire des impots généraux sur la propriété et le revenu /
Mención de responsabilidad, etc. par F. Esquirou de Parieu.
260 ## - PUBLICACIÓN, DISTRIBUCIÓN, ETC.
Lugar de publicación, distribución, etc. Paris :
Nombre del editor, distribuidor, etc. Guillaumin et Cie.,
Fecha de publicación, distribución, etc. 1856 (
Lugar de fabricación/manufactura Saint-Denis :
Fabricante Drouard)
300 ## - DESCRIPCIÓN FÍSICA
Extensión [4], 338, [1] p. ;
Dimensiones 22 cm.
852 ## - LOCALIZACIÓN
Ubicación ES-MaACL
Número de control de estantería G-12151
Holdings
Estatus retirado Estado de pérdida Estado de daño No para préstamo Colección Biblioteca de origen Biblioteca actual Ubicación en estantería Fecha de adquisición Fuente de adquisición Total de préstamos Signatura topográfica completa Código de barras Visto por última vez Precio de reemplazo Tipo de ítem Koha
        Libros del s. XIX Biblioteca del Ateneo de Madrid Biblioteca del Ateneo de Madrid Sala Pecera Planta 3 17/01/2008     G-12151 1107394 23/02/2023 23/02/2023 Libro impreso antiguo